Most Livestock per Capita Quiz Stats

 Plays Quiz Updated Oct 17, 2016

Challenge
Share
Tweet
Embed
Score 0/80 Timer 08:00
4 Plays Today
% Correct
United States
97.1%
China
92.7%
Mexico
87.2%
Brazil
86.5%
Australia
85.4%
Australia
85.4%
France
83.9%
France
83.9%
Argentina
82.7%
Argentina
82.7%
New Zealand
79.2%
New Zealand
79.2%
Spain
78.3%
Italy
74.1%
Chile
74%
Ireland
65.1%
Ireland
65.1%
Portugal
62%
Mongolia
58.6%
Mongolia
58.6%
Mongolia
58.6%
Vietnam
58.5%
Colombia
57.8%
Denmark
53.1%
Paraguay
50.6%
Niger
50.4%
Uruguay
50%
Uruguay
50%
Uruguay
50%
Netherlands
49.4%
Laos
48.2%
Laos
48.2%
Belgium
45%
Cambodia
45%
Israel
44.3%
Kazakhstan
44.1%
Sudan
43.9%
Sudan
43.9%
Sudan
43.9%
Malaysia
40.6%
% Correct
Iceland
40%
Iceland
40%
Hungary
39.2%
Hungary
39.2%
Turkmenistan
34.4%
Mali
34.2%
Somalia
32.8%
Somalia
32.8%
Suriname
29.8%
Suriname
29.8%
Guyana
29.7%
Kyrgyzstan
29.4%
Serbia
28.7%
Dominican Republic
27.2%
Tunisia
27.1%
Namibia
26.3%
Namibia
26.3%
Namibia
26.3%
Central African Republic
25.9%
Lebanon
25.9%
Botswana
25.1%
Botswana
25.1%
Albania
24%
Albania
24%
Mauritania
21.3%
Mauritania
21.3%
Bahamas
20.1%
Kuwait
17.8%
Samoa
16.5%
Trinidad and Tobago
16.1%
Burkina Faso
15.7%
Brunei
15.7%
Brunei
15.7%
Barbados
15.6%
Tonga
15.1%
Tonga
15.1%
Sierra Leone
13.7%
Tuvalu
13.1%
Mauritius
10.4%
Cabo Verde
9.4%

You're not logged in!

Compare scores with friends on all Sporcle quizzes.
OR
Log In

You Might Also Like...

Show Comments

Extras

Top Quizzes Today


Score Distribution

Your Account Isn't Verified!

In order to create a playlist on Sporcle, you need to verify the email address you used during registration. Go to your Sporcle Settings to finish the process.

Report this User

Report this user for behavior that violates our Community Guidelines.

Details: